<?xml version="1.0" encoding="UTF-8"?>
<record
    xmlns:xsi="http://www.w3.org/2001/XMLSchema-instance"
    xsi:schemaLocation="http://www.loc.gov/MARC21/slim http://www.loc.gov/standards/marcxml/schema/MARC21slim.xsd"
    xmlns="http://www.loc.gov/MARC21/slim">

  <leader>02759nam a2200349 a 4500</leader>
  <controlfield tag="003">OSt</controlfield>
  <controlfield tag="005">20240904103353.0</controlfield>
  <controlfield tag="007">cr ||||||a|c|a</controlfield>
  <controlfield tag="008">240904s2024    mx a|||fom||| 001 0 spa d</controlfield>
  <datafield tag="040" ind1=" " ind2=" ">
    <subfield code="e">rda</subfield>
  </datafield>
  <datafield tag="100" ind1="1" ind2=" ">
    <subfield code="a">Jim&#xE9;nez Galicia, Aar&#xF3;n</subfield>
    <subfield code="9">189536</subfield>
  </datafield>
  <datafield tag="245" ind1="1" ind2="0">
    <subfield code="a">Dise&#xF1;o y construcci&#xF3;n de un robot cartesiano para la automatizaci&#xF3;n de siembra de espinacas en camas de cultivo /</subfield>
    <subfield code="c">por Aar&#xF3;n Jim&#xE9;nez Galicia y Josu&#xE9; Ariel Salvador Domingo; director de tesis Arturo Soriano Avenda&#xF1;o; secretario Gilberto de Jes&#xFA;s L&#xF3;pez Cante&#xF1;s; vocal Humberto Sebasti&#xE1;n Garc&#xED;a; suplente Jaime Abraham R&#xED;os D&#xED;az; suplente Abraham Cort&#xE9;s Hern&#xE1;ndez.</subfield>
  </datafield>
  <datafield tag="264" ind1=" " ind2="1">
    <subfield code="a">Chapingo, M&#xE9;xico :</subfield>
    <subfield code="b">El autor,</subfield>
    <subfield code="c">2024.</subfield>
  </datafield>
  <datafield tag="300" ind1=" " ind2=" ">
    <subfield code="a">1 recurso en l&#xED;nea (129 p&#xE1;ginas):</subfield>
    <subfield code="b">figuras, cuadros.</subfield>
  </datafield>
  <datafield tag="336" ind1=" " ind2=" ">
    <subfield code="2">rdacontent</subfield>
    <subfield code="a">texto</subfield>
    <subfield code="b">txt</subfield>
  </datafield>
  <datafield tag="337" ind1=" " ind2=" ">
    <subfield code="2">rdamedia</subfield>
    <subfield code="a">computadora</subfield>
    <subfield code="b">c</subfield>
  </datafield>
  <datafield tag="338" ind1=" " ind2=" ">
    <subfield code="2">rdacarrier</subfield>
    <subfield code="a">recurso en l&#xED;nea</subfield>
    <subfield code="b">cr</subfield>
  </datafield>
  <datafield tag="502" ind1=" " ind2=" ">
    <subfield code="b">IMtA</subfield>
    <subfield code="c">Mec&#xE1;nica</subfield>
    <subfield code="d">2024.</subfield>
    <subfield code="g">LIC</subfield>
  </datafield>
  <datafield tag="504" ind1=" " ind2=" ">
    <subfield code="a">Incluye referencias bibliogr&#xE1;ficas: p&#xE1;ginas 93-96.</subfield>
  </datafield>
  <datafield tag="520" ind1=" " ind2=" ">
    <subfield code="a">El cultivo de espinacas destaca por su valor nutricional y su importancia tanto para el consumo fresco como para la industria alimentaria. Sin embargo, la siembra manual presenta desaf&#xED;os significativos, como la falta de uniformidad, p&#xE9;rdida de semillas y altos costos laborales. La automatizaci&#xF3;n agr&#xED;cola emerge como una soluci&#xF3;n eficaz para mejorar la productividad y reducir los costos en la siembra de espinacas. Entre las ventajas se incluyen una dosis uniforme, mayor velocidad de siembra y un mayor aprovechamiento de superficie. Ante estas deficiencias, se dise&#xF1;&#xF3; y construy&#xF3; un robot cartesiano para la siembra de espinacas en cama de cultivos. El prototipo, probado en un ambiente controlado, se controla mediante una aplicaci&#xF3;n en dispositivos m&#xF3;viles y durante las pruebas sembr&#xF3; un arreglo de marco real de 100 𝑚𝑚, logrando depositar una semilla tras otra en 20 segundos, con una precisi&#xF3;n de posicionamiento de &#xB1;1 𝑚𝑚 y una efectividad del 98%.</subfield>
  </datafield>
  <datafield tag="650" ind1=" " ind2="4">
    <subfield code="a">Robots</subfield>
    <subfield code="x">Dise&#xF1;o y construcci&#xF3;n</subfield>
    <subfield code="9">130872</subfield>
  </datafield>
  <datafield tag="650" ind1=" " ind2="4">
    <subfield code="a">Robots en agricultura</subfield>
    <subfield code="9">98142</subfield>
  </datafield>
  <datafield tag="650" ind1=" " ind2="4">
    <subfield code="a">Siembra</subfield>
    <subfield code="x">Mecanizaci&#xF3;n agr&#xED;cola</subfield>
    <subfield code="9">134654</subfield>
  </datafield>
  <datafield tag="700" ind1="1" ind2=" ">
    <subfield code="a">Salvador Domingo, Josu&#xE9; Ariel</subfield>
    <subfield code="9">189539</subfield>
  </datafield>
  <datafield tag="700" ind1="1" ind2=" ">
    <subfield code="a">Soriano Avenda&#xF1;o, Luis Arturo</subfield>
    <subfield code="9">188075</subfield>
    <subfield code="e">Director de tesis.</subfield>
  </datafield>
  <datafield tag="700" ind1="1" ind2=" ">
    <subfield code="a">L&#xF3;pez Cante&#xF1;s, Gilberto de Jes&#xFA;s</subfield>
    <subfield code="9">67746</subfield>
    <subfield code="e">Secretario.</subfield>
  </datafield>
  <datafield tag="700" ind1="1" ind2=" ">
    <subfield code="a">Sebasti&#xE1;n Garc&#xED;a, Humberto</subfield>
    <subfield code="9">130101</subfield>
    <subfield code="e">Vocal.</subfield>
  </datafield>
  <datafield tag="700" ind1="1" ind2=" ">
    <subfield code="a">R&#xED;os D&#xED;az, Jaime Abraham</subfield>
    <subfield code="9">189032</subfield>
    <subfield code="e">Suplente.</subfield>
  </datafield>
  <datafield tag="700" ind1="0" ind2=" ">
    <subfield code="a">Cort&#xE9;s Hern&#xE1;ndez, Abraham</subfield>
    <subfield code="9">28361</subfield>
    <subfield code="e">Suplente.</subfield>
  </datafield>
  <datafield tag="856" ind1=" " ind2=" ">
    <subfield code="u">http://10.13.5.2/tesis/tl/1611200-3_Y_1612221-8_JIMENEZ_GALICIA_AARON_Y_SALVADOR_DOMINGO_JOSUEARIEL.pdf</subfield>
    <subfield code="z">DESCARGAR PDF</subfield>
  </datafield>
  <datafield tag="942" ind1=" " ind2=" ">
    <subfield code="2">Clasificaci&#xF3;n Universidad Aut&#xF3;noma Chapingo</subfield>
    <subfield code="c">TD</subfield>
  </datafield>
  <datafield tag="999" ind1=" " ind2=" ">
    <subfield code="c">220139</subfield>
    <subfield code="d">220139</subfield>
  </datafield>
  <datafield tag="952" ind1=" " ind2=" ">
    <subfield code="0">0</subfield>
    <subfield code="1">0</subfield>
    <subfield code="2">local</subfield>
    <subfield code="4">0</subfield>
    <subfield code="5">1</subfield>
    <subfield code="7">0</subfield>
    <subfield code="8">TesDigL</subfield>
    <subfield code="a">BD</subfield>
    <subfield code="b">BD</subfield>
    <subfield code="c">E_L</subfield>
    <subfield code="d">2024-09-04</subfield>
    <subfield code="l">0</subfield>
    <subfield code="o">Tesis digital</subfield>
    <subfield code="r">2024-09-04 10:20:16</subfield>
    <subfield code="w">2024-09-04</subfield>
    <subfield code="y">TD</subfield>
  </datafield>
</record>
